Central Library OPAC University of Rajshahi

Research methodology in social science in India / (Record no. 33235)

MARC details
000 -LEADER
fixed length control field 00868nam a2200253 a 4500
001 - CONTROL NUMBER
control field 33235
003 - CONTROL NUMBER IDENTIFIER
rucl marc code BD-RjUL
005 - DATE AND TIME OF LATEST TRANSACTION
control field 20211209051954.0
008 - FIXED-LENGTH DATA ELEMENTS--GENERAL INFORMATION
fixed length control field 140430s1985 ii b 101 0 eng
035 ## - SYSTEM CONTROL NUMBER
System control number (BD-RjUL)33326
040 ## - CATALOGING SOURCE
Original cataloging agency DLC
Transcribing agency DLC
Modifying agency DLC
-- BD-RjUL
Language of cataloging eng
041 ## - LANGUAGE CODE
Language code of text/sound track or separate title eng
082 00 - DEWEY DECIMAL CLASSIFICATION NUMBER
Classification number 300.72054
Edition number 19
Author mark and year RES 1985
245 00 - TITLE STATEMENT
Title Research methodology in social science in India /
Statement of responsibility, etc. editors, L.P. Vidyarthi and A.K. Haldar.
260 ## - PUBLICATION, DISTRIBUTION, ETC. (IMPRINT)
Place of publication, distribution, etc. New Delhi :
Name of publisher, distributor, etc. Today & Tomorrowʼs Printers and Publishers,
Date of publication, distribution, etc. 1985.
300 ## - PHYSICAL DESCRIPTION
Pagination xiii, 246 p. ;
Size 23 cm.
504 ## - BIBLIOGRAPHY, ETC. NOTE
Bibliography, etc Includes bibliographies and index.
650 #0 - SUBJECT ADDED ENTRY--TOPICAL TERM
Topical term or geographic name as entry element Social sciences
General subdivision Research
Geographic subdivision India
General subdivision Methodology
-- Congresses.
9 (RLIN) 100922
700 1# - ADDED ENTRY--PERSONAL NAME
Personal name Vidyarthi, Lalita Prasad.
Personal name Haldar, A. K.
Fuller form of name (Asesh Kumar),
Dates associated with a name 1943-
942 ## - ADDED ENTRY ELEMENTS (KOHA)
Source of classification or shelving scheme Dewey Decimal Classification
Koha item type Books
Holdings
Lost status Source of classification or shelving scheme Damaged status Not for loan Collection code Permanent Location Current Location Shelving location Date acquired Source of acquisition Cost, normal purchase price Total Checkouts Full call number Date last seen Copy number Koha item type
  Dewey Decimal Classification   Not For Loan Non-fiction Central Library, University of Rajshahi Central Library, University of Rajshahi Reading Room 28/06/1986 Karim International. 135.00   300.72054 RES 1985 30/04/2014 C-1 Books